Summer (Record no. 258443)
[ view plain ]
| 000 -LEADER | |
|---|---|
| fixed length control field | 00530nam a22001811 4500 |
| 005 - DATE AND TIME OF LATEST TRANSACTION | |
| control field | 20200320175951.0 |
| 020 ## - INTERNATIONAL STANDARD BOOK NUMBER | |
| International Standard Book Number | 0756500958 |
| 035 ## - SYSTEM CONTROL NUMBER | |
| System control number | ()30911 |
| 100 1# - MAIN ENTRY--PERSONAL NAME | |
| Personal name | Stille, Darlene R. |
| 9 (RLIN) | 32321 |
| 245 10 - TITLE STATEMENT | |
| Title | Summer |
| 260 ## - PUBLICATION, DISTRIBUTION, ETC. (IMPRINT) | |
| Place of publication, distribution, etc | Minneapolis |
| Name of publisher, distributor, etc | Compass Point Books |
| Date of publication, distribution, etc | 2001 |
| 300 ## - PHYSICAL DESCRIPTION | |
| Extent | 32 p. : ill. |
| 440 10 - SERIES STATEMENT/ADDED ENTRY--TITLE | |
| Title | Simply science |
| 9 (RLIN) | 5823508 |
| 942 ## - ADDED ENTRY ELEMENTS (KOHA) | |
| Koha item type | BOOK |
| 948 ## - LOCAL PROCESSING INFORMATION (OCLC); SERIES PART DESIGNATOR (RLIN) | |
| Series part designator, SPT (RLIN) | 05/11/2004 |
| z (OCLC) | Sirsi |
| 996 ## - | |
| -- | 30911 |
| -- | 34301000341828 |
| -- | E |
| -- | BK |
| -- | WCL |
| -- | i |
| -- | 21 |
| -- | 14.95 |
| -- | Library One Direct |
| -- | Sti |
| -- | 10/15/2001 |
| -- | 12/18/2019 |
| -- | 12/12/2019 |
| Withdrawn status | Lost status | Source of classification or shelving scheme | Damaged status | Not for loan | Collection code | Home library | Current library | Shelving location | Date acquired | Cost, normal purchase price | Total Checkouts | Total Renewals | Full call number | Barcode | Date last seen | Date checked out | Cost, replacement price | Price effective from | Koha item type |
|---|---|---|---|---|---|---|---|---|---|---|---|---|---|---|---|---|---|---|---|
| Dewey Decimal Classification | Children NonFiction | Wasatch County Library | Wasatch County Library | Main Floor Childrens Area | 10/15/2001 | 14.95 | 25 | 4 | E Earth Seasons Stille | 34301000341828 | 06/17/2025 | 05/22/2025 | 14.95 | 03/20/2020 | BOOK |
